Statistieken voor Nederlandse gemeenten die beginnen met een C

Klik hier om de quiz te nemen!

Algemene statistieken

  • Deze quiz is 4 keer genomen
  • De gemiddelde score is 4 van 5

Antwoordstatistieken

Nr.Antwoord% Correct
1Capelle aan den Ijssel
100%
3Coevorden
75%
4Cranendonck
75%
5Culemborg
75%
2Castricum
50%

Scoreverdeling

Percentiel versus Aantal Correcte Antwoorden

Procent van Mensen met Elke Score

Uw Scoregeschiedenis

U heeft deze quiz nog niet genomen